Ananthanarayan and paniker's textbook of microbiology for nurses/ (Record no. 102978)

MARC details
000 -LEADER
fixed length control field 00922nam a22002417a 4500
005 - DATE AND TIME OF LATEST TRANSACTION
control field 20180112142219.0
010 ## - LCCN (DPL NO)
LC control number 1718EN-30 ENG-115901
020 ## - INTERNATIONAL STANDARD BOOK NUMBER
International Standard Book Number 9788173719974
Terms of availability 375.00
035 ## - SYSTEM CONTROL NUMBER
System control number EN-99433
035 ## - SYSTEM CONTROL NUMBER
System control number B-682454-466
037 ## - SOURCE OF ACQUISITION
Source of stock number/acquisition Aakar
Stock number dpl
037 ## - SOURCE OF ACQUISITION
Source of stock number/acquisition DBAD/PUB
082 ## - DEWEY DECIMAL CLASSIFICATION NUMBER
Classification number 616.9041
245 ## - TITLE STATEMENT
Title Ananthanarayan and paniker's textbook of microbiology for nurses/
Statement of responsibility, etc edited by Balaji Veeraraghavan
250 ## - EDITION STATEMENT
Edition statement 2nd ed
260 ## - PUBLICATION, DISTRIBUTION, ETC. (IMPRINT)
Place of publication, distribution, etc Hydrabad
Name of publisher, distributor, etc Universities Press
Date of publication, distribution, etc 2016
270 ## - ADDRESS
Address 3-6-747/1/A&3-6-754/1,Himayat Nagar
City Hydrabad
Postal code 500029
300 ## - PHYSICAL DESCRIPTION
Extent 334p. :
Dimensions 28cm(pbk)
Other physical details ill
500 ## - GENERAL NOTE
General note Includes index
700 ## - ADDED ENTRY--PERSONAL NAME
Personal name Veeraraghavan, Balaji
942 ## - ADDED ENTRY ELEMENTS (KOHA)
Source of classification or shelving scheme Dewey Decimal Classification
Item type English Books
Classification part 616.9041
Call number suffix ANA
Holdings
Withdrawn status Lost status Not for loan Collection code Home library Current library Date acquired Source of acquisition Cost, normal purchase price Full call number Barcode Copy number Cost, replacement price Koha item type
      Non-fiction Ashok Vihar Ashok Vihar 12/01/2018 Aakar/I-2011/30.11.17/BPPD/EN/2017-18/631/20.11.17/14.12.2017 375.00 616.9041 ANA B-682455 1 375.00 English Books
      Non-fiction Bagh Kadhe Khan Bagh Kadhe Khan 12/01/2018 Aakar/I-2011/30.11.17/BPPD/EN/2017-18/631/20.11.17/14.12.2017 375.00 616.9041 ANA B-682463 1 375.00 English Books
    Not For Loan Non-fiction D.B.Act.Division Bawana 02/09/2016 DBAD/PUB 375.00 616.9041 ANA EN-99433 1 375.00 English Books
      Non-fiction Bawana Bawana 12/01/2018 Aakar/I-2011/30.11.17/BPPD/EN/2017-18/631/20.11.17/14.12.2017 375.00 616.9041 ANA B-682465 1 375.00 English Books
      Non-fiction Central Library Central Library 12/01/2018 Aakar/I-2011/30.11.17/BPPD/EN/2017-18/631/20.11.17/14.12.2017 375.00 616.9041 ANA B-682454 1 375.00 English Books
      Non-fiction Janak Puri Janak Puri 12/01/2018 Aakar/I-2011/30.11.17/BPPD/EN/2017-18/631/20.11.17/14.12.2017 375.00 616.9041 ANA B-682460 1 375.00 English Books
      Non-fiction Kasturba Gandhi Marg Kasturba Gandhi Marg 12/01/2018 Aakar/I-2011/30.11.17/BPPD/EN/2017-18/631/20.11.17/14.12.2017 375.00 616.9041 ANA B-682457 1 375.00 English Books
      Non-fiction Narela Narela 12/01/2018 Aakar/I-2011/30.11.17/BPPD/EN/2017-18/631/20.11.17/14.12.2017 375.00 616.9041 ANA B-682464 1 375.00 English Books
      Non-fiction New Rohtak Road New Rohtak Road 12/01/2018 Aakar/I-2011/30.11.17/BPPD/EN/2017-18/631/20.11.17/14.12.2017 375.00 616.9041 ANA B-682462 1 375.00 English Books
      Non-fiction Patel Nagar Patel Nagar 12/01/2018 Aakar/I-2011/30.11.17/BPPD/EN/2017-18/631/20.11.17/14.12.2017 375.00 616.9041 ANA B-682456 1 375.00 English Books
      Non-fiction Peshwa Road Peshwa Road 12/01/2018 Aakar/I-2011/30.11.17/BPPD/EN/2017-18/631/20.11.17/14.12.2017 375.00 616.9041 ANA B-682458 1 375.00 English Books
      Non-fiction Sarojini Nagar Sarojini Nagar 12/01/2018 Aakar/I-2011/30.11.17/BPPD/EN/2017-18/631/20.11.17/14.12.2017 375.00 616.9041 ANA B-682461 1 375.00 English Books
      Non-fiction Shahdara Branch Shahdara Branch 12/01/2018 Aakar/I-2011/30.11.17/BPPD/EN/2017-18/631/20.11.17/14.12.2017 375.00 616.9041 ANA B-682466 1 375.00 English Books
      Non-fiction Tri Nagar Tri Nagar 12/01/2018 Aakar/I-2011/30.11.17/BPPD/EN/2017-18/631/20.11.17/14.12.2017 375.00 616.9041 ANA B-682459 1 375.00 English Books

© Delhi Public Library
Hit Counter
free hit counter